<?xml version="1.0" encoding="UTF-8"?><?xml-stylesheet type="text/xsl" href="static/style.xsl"?><OAI-PMH xmlns="http://www.openarchives.org/OAI/2.0/" xmlns:xsi="http://www.w3.org/2001/XMLSchema-instance" xsi:schemaLocation="http://www.openarchives.org/OAI/2.0/ http://www.openarchives.org/OAI/2.0/OAI-PMH.xsd"><responseDate>2026-04-18T03:22:01Z</responseDate><request verb="GetRecord" identifier="oai:www.recercat.cat:20.500.12327/597" metadataPrefix="marc">https://recercat.cat/oai/request</request><GetRecord><record><header><identifier>oai:recercat.cat:20.500.12327/597</identifier><datestamp>2025-10-22T11:24:52Z</datestamp><setSpec>com_2072_4428</setSpec><setSpec>com_2072_4427</setSpec><setSpec>col_2072_487898</setSpec></header><metadata><record xmlns="http://www.loc.gov/MARC21/slim" xmlns:dcterms="http://purl.org/dc/terms/" xmlns:xsi="http://www.w3.org/2001/XMLSchema-instance" xmlns:doc="http://www.lyncode.com/xoai" xsi:schemaLocation="http://www.loc.gov/MARC21/slim http://www.loc.gov/standards/marcxml/schema/MARC21slim.xsd">
   <leader>00925njm 22002777a 4500</leader>
   <datafield ind2=" " ind1=" " tag="042">
      <subfield code="a">dc</subfield>
   </datafield>
   <datafield ind2=" " ind1=" " tag="720">
      <subfield code="a">Happe, Anne-Kathrin</subfield>
      <subfield code="e">author</subfield>
   </datafield>
   <datafield ind2=" " ind1=" " tag="720">
      <subfield code="a">Bover-Cid, Sara</subfield>
      <subfield code="e">author</subfield>
   </datafield>
   <datafield ind2=" " ind1=" " tag="720">
      <subfield code="a">Blüthgen, Nico</subfield>
      <subfield code="e">author</subfield>
   </datafield>
   <datafield ind2=" " ind1=" " tag="720">
      <subfield code="a">Boreux, Virginie</subfield>
      <subfield code="e">author</subfield>
   </datafield>
   <datafield ind2=" " ind1=" " tag="720">
      <subfield code="a">Bosch, Jordi</subfield>
      <subfield code="e">author</subfield>
   </datafield>
   <datafield ind2=" " ind1=" " tag="720">
      <subfield code="a">García, Daniel</subfield>
      <subfield code="e">author</subfield>
   </datafield>
   <datafield ind2=" " ind1=" " tag="720">
      <subfield code="a">Hambäck, Peter A.</subfield>
      <subfield code="e">author</subfield>
   </datafield>
   <datafield ind2=" " ind1=" " tag="720">
      <subfield code="a">Klein, Alexandra-Maria</subfield>
      <subfield code="e">author</subfield>
   </datafield>
   <datafield ind2=" " ind1=" " tag="720">
      <subfield code="a">Martínez-Sastre, Rodrigo</subfield>
      <subfield code="e">author</subfield>
   </datafield>
   <datafield ind2=" " ind1=" " tag="720">
      <subfield code="a">Miñarro, Marcos</subfield>
      <subfield code="e">author</subfield>
   </datafield>
   <datafield ind2=" " ind1=" " tag="720">
      <subfield code="a">Müller, Ann-Kathrin</subfield>
      <subfield code="e">author</subfield>
   </datafield>
   <datafield ind2=" " ind1=" " tag="720">
      <subfield code="a">Porcel, Mario</subfield>
      <subfield code="e">author</subfield>
   </datafield>
   <datafield ind2=" " ind1=" " tag="720">
      <subfield code="a">Rodrigo, Anselm</subfield>
      <subfield code="e">author</subfield>
   </datafield>
   <datafield ind2=" " ind1=" " tag="720">
      <subfield code="a">Roquer-Beni, Laura</subfield>
      <subfield code="e">author</subfield>
   </datafield>
   <datafield ind2=" " ind1=" " tag="720">
      <subfield code="a">Samnegård, Ulrika</subfield>
      <subfield code="e">author</subfield>
   </datafield>
   <datafield ind2=" " ind1=" " tag="720">
      <subfield code="a">Tasin, Marco</subfield>
      <subfield code="e">author</subfield>
   </datafield>
   <datafield ind2=" " ind1=" " tag="720">
      <subfield code="a">Mody, Karsten</subfield>
      <subfield code="e">author</subfield>
   </datafield>
   <datafield ind2=" " ind1=" " tag="260">
      <subfield code="c">2019-01-15</subfield>
   </datafield>
   <datafield ind2=" " ind1=" " tag="520">
      <subfield code="a">Local agri-environmental schemes, including hedgerows, flowering strips, organic management, and a landscape rich in semi-natural habitat patches, are assumed to enhance the presence of beneficial arthropods and their contribution to biological control in fruit crops. We studied the influence of local factors (orchard management and adjacent habitats) and of landscape composition on the abundance and community composition of predatory arthropods in apple orchards in three European countries. To elucidate how local and landscape factors influence natural enemy effectiveness in apple production systems, we calculated community energy use as a proxy for the communities’ predation potential based on biomass and metabolic rates of predatory arthropods. Predator communities were assessed by standardised beating samples taken from apple trees in 86 orchards in Germany, Spain and Sweden. Orchard management included integrated production (IP; i.e. the reduced and targeted application of synthetic agrochemicals), and organic management practices in all three countries. Predator communities differed between management types and countries. Several groups, including beetles (Coleoptera), predatory bugs (Heteroptera), flies (Diptera) and spiders (Araneae) benefited from organic management depending on country. Woody habitat and IP supported harvestmen (Opiliones). In both IP and organic orchards we detected aversive influences of a high-quality surrounding landscape on some predator groups: for example, high covers of woody habitat reduced earwig abundances in German orchards but enhanced their abundance in Sweden, and high natural plant species richness tended to reduce predatory bug abundance in Sweden and IP orchards in Spain. We conclude that predatory arthropod communities and influences of local and landscape factors are strongly shaped by orchard management, and that the influence of management differs between countries. Our results indicate that organic management improves the living conditions for effective predator communities.</subfield>
   </datafield>
   <datafield ind1="8" ind2=" " tag="024">
      <subfield code="a">Happe, Anne-Kathrin, Georgina Alins, Nico Blüthgen, Virginie Boreux, Jordi Bosch, Daniel García, and Peter A. Hambäck et al. 2019. "Predatory Arthropods In Apple Orchards Across Europe: Responses To Agricultural Management, Adjacent Habitat, Landscape Composition And Country". Agriculture, Ecosystems &amp; Environment 273: 141-150. Elsevier BV. doi:10.1016/j.agee.2018.12.012.</subfield>
   </datafield>
   <datafield ind1="8" ind2=" " tag="024">
      <subfield code="a">0167-8809</subfield>
   </datafield>
   <datafield ind1="8" ind2=" " tag="024">
      <subfield code="a">http://hdl.handle.net/20.500.12327/597</subfield>
   </datafield>
   <datafield ind1="8" ind2=" " tag="024">
      <subfield code="a">https://doi.org/10.1016/j.agee.2018.12.012</subfield>
   </datafield>
   <datafield ind2="0" ind1="0" tag="245">
      <subfield code="a">Predatory arthropods in apple orchards across Europe: Responses to agricultural management, adjacent habitat, landscape composition and country</subfield>
   </datafield>
</record></metadata></record></GetRecord></OAI-PMH>